ARRUPE JESUIT UNIVERSITY

CORONAVIRUS -STOP THE SPREAD - CLEAN,DISINFECT,COVER

Jean Monnet : (Record no. 124524)

MARC details
000 -LEADER
fixed length control field 01150pam a2200313 a 4500
001 - CONTROL NUMBER
control field 3416523
003 - CONTROL NUMBER IDENTIFIER
control field ARRUPE
005 - DATE AND TIME OF LATEST TRANSACTION
control field 20160404120603.0
008 - FIXED-LENGTH DATA ELEMENTS--GENERAL INFORMATION
fixed length control field 900521s1991 nyu b 001 0beng
010 ## - LIBRARY OF CONGRESS CONTROL NUMBER
LC control number 90039706
020 ## - INTERNATIONAL STANDARD BOOK NUMBER
International Standard Book Number 0312047738
040 ## - CATALOGING SOURCE
Original cataloging agency DLC
Transcribing agency DLC
Modifying agency DLC
043 ## - GEOGRAPHIC AREA CODE
Geographic area code e------
050 00 - LIBRARY OF CONGRESS CALL NUMBER
Classification number D413.M56
Item number J43 1991
082 00 - DEWEY DECIMAL CLASSIFICATION NUMBER
Classification number 940.5/092
-- B
Edition number 20
300 ## - PHYSICAL DESCRIPTION
Dimensions 23 cm.
100 ## - MAIN ENTRY--PERSONAL NAME
Personal name Brinkley, Douglas
9 (RLIN) 23512
245 00 - TITLE STATEMENT
Title Jean Monnet :
Remainder of title the path to European unity /
Statement of responsibility, etc edited by Douglas Brinkley and Clifford Hackett ; introduction by George W. Ball.
260 ## - PUBLICATION, DISTRIBUTION, ETC. (IMPRINT)
Place of publication, distribution, etc New York :
Name of publisher, distributor, etc St. Martin's Press,
Date of publication, distribution, etc 1991.
300 ## - PHYSICAL DESCRIPTION
Extent xxii, 226 p. ;
504 ## - BIBLIOGRAPHY, ETC. NOTE
Bibliography, etc Includes bibliographical references (p. 219-222) and index.
600 10 - SUBJECT ADDED ENTRY--PERSONAL NAME
Personal name Monnet, Jean,
Dates associated with a name 1888-1979.
9 (RLIN) 23513
650 #0 - SUBJECT ADDED ENTRY--TOPICAL TERM
Topical term or geographic name as entry element Statesmen
Geographic subdivision Europe
General subdivision Biography.
9 (RLIN) 23514
650 #0 - SUBJECT ADDED ENTRY--TOPICAL TERM
Topical term or geographic name as entry element European federation.
9 (RLIN) 23515
700 1# - ADDED ENTRY--PERSONAL NAME
Personal name Brinkley, Douglas.
9 (RLIN) 23512
700 1# - ADDED ENTRY--PERSONAL NAME
Personal name Hackett, Clifford P.
9 (RLIN) 23516
906 ## - LOCAL DATA ELEMENT F, LDF (RLIN)
a 7
b cbc
c orignew
d 1
e ocip
f 19
g y-gencatlg
942 ## - ADDED ENTRY ELEMENTS (KOHA)
Source of classification or shelving scheme Library of Congress Classification
Koha item type Monograph ( Printed materials)
Holdings
Withdrawn status Lost status Source of classification or shelving scheme Damaged status Not for loan Collection code Home library Current library Shelving location Date acquired Total Checkouts Full call number Barcode Date last seen Price effective from Koha item type
    Library of Congress Classification     Main Collection ARRUPE LIBRARY ARRUPE LIBRARY Main Collection 04/04/2016   D413.M56J43 1991 46500007111 13/10/2017 04/04/2016 Monograph ( Printed materials)

 

Arrupe Library. PO Box MP320 Mt Pleasant, Harare, Zimbabwe
263 242 745411|librarian@aju.ac.zw